Jihočeská lidová plastika : katalog výstavy, České Budějovice [1968] /

Hlavní autor: Soukupová, Zora, 1922-1981
Další autoři: Růžička, Milouš, 1947-
Jazyk: Čeština
Vydáno: České Budějovice : Jihočeské muzeum, 1968
Témata:
Fyzický popis: 14 s. ; 8°
Knihy
Uloženo v:
LEADER 01237nam a22003372a 4500
001 001603059
003 CZ BrMZK
005 20180307132348.0
007 ta
008 171108s1968 xr er|||||||||||cze d
015 |a cnb000447667 
035 |a (OCoLC)42133959 
040 |a ABA001  |b cze  |c PNA001  |d ABA001  |d BOA001 
072 7 |a 7.01/.09  |x Umění  |2 Konspekt  |9 21 
080 |a 7.031.4  |2 MRF 
080 |a (437.31-13)  |2 MRF 
080 |a (083.824)  |2 MRF 
100 1 |a Soukupová, Zora,  |d 1922-1981  |7 jk01120575  |4 wfw 
245 1 0 |a Jihočeská lidová plastika :  |b katalog výstavy, České Budějovice [1968] /  |c úvodní text: Zora Soukupová, Miloš O. Růžička ; Fot.: Božena Vačkářová, Pavel Spandel 
260 |a České Budějovice :  |b Jihočeské muzeum,  |c 1968 
300 |a 14 s. ;  |c 8° 
500 |a 500 výt. 
650 0 7 |a lidové umění  |7 ph122321  |z Česko  |2 czenas 
651 7 |a Čechy jižní (Česko)  |7 ge131648  |2 czenas 
653 0 |a plastiky 
655 7 |a katalogy výstav  |7 fd132536  |2 czenas 
700 1 |a Růžička, Milouš,  |d 1947-  |7 jn20001103775  |4 wfw 
910 |a BOA001  |b X-0609.567 
990 |a BK 
991 |b 201710 
996 6 |b 2618920486  |c X-0609.567  |l MZK  |r Sklad / do 24 hodin  |n 0  |w 001638499  |u 000010  |a 1  |e BOA001  |j MZK50  |s P